000 01479nam a2200253Ia 4500
003 Ost
005 20260507075621.0
008 260507s9999||||xx |||||||||||||| ||und||
020 _a9789931659129
040 _cfsecg
041 _aara
082 _a657.46
100 _aتسعديت، بوسبعين
_eمؤلف
245 0 _aمحاسبة الأدوات المالية وفق النظام المحاسبي المالي ومعايير المحاسبة الدولية LAS/IFRS /
_c بوسبعين تسعديت
260 _aالجزائر:
_bالنشر الجامعي الجديد,
_c2018
300 _a207 صفحة؛
_bإيضاحات ؛
_c24 سم
504 _aالمراجع ص.199
520 _aيتناول هذا الكتاب مفاهيم عامة حول النظام المحاسبي المالي عموما ومعايير المحاسبة الدولية، والتسجيل المحاسبي لللأدوات المالية وفق النظام المحاسبي المالي والمعايير الدولية على وجه الخصوص ، وهو موجه في الغالب لجميع الطلبة تخصص مح)اسبة ومالية في جميع الأطوار وإلى كل مهني المحاسبة .
653 _a النظام المحاسبي المالي - الجزائر
653 _aالمحاسبة التحليلية
653 _aمعايير المحاسبة
700 _aحسياني، عبد الحميد
_eمؤلف ثانوي
942 _cكتاب
999 _c45142
_d45142